000 00582nam a2200205 a 4500
001 BRCA_5835
005 20190320205231.0
008 140311s1949----mx-ad#####---#000-0#eng-#
041 _aeng
044 _amx
050 4 _aT6231
_b.R47
_c1949
245 1 0 _aReport on Cia. Mexicana de Refractarios A. P. Green S. A.
_cTaylor, D. C.
260 _aMéxico
_c1949
300 _a44 p.
_bils., tablas.
_c34 cm.
500 _aDocumento mecanografiado, tabla administrativa, tabla de balance.
500 _aH96
650 1 4 _aReporte Corporativo
_914778
902 _aGFM
942 _2lcc
_cB
999 _c5524
_d5524